| 000 | 01382cad a22003015a 4500 | ||
|---|---|---|---|
| 001 | L158803 | ||
| 008 | 141006s2015 xxk f 000 0 eng d | ||
| 020 | _a9781783210633 | ||
| 035 | _a(Sirsi) u158803 | ||
| 041 | 0 | _aeng | |
| 100 | 1 | _aHirst, Christina | |
| 110 | 2 |
_aRoyal Institution of Chartered Surveyors _94900 |
|
| 245 | 0 | 0 |
_aPrivate rented sector code of practice _bUpdated July 2015 _h[electronic resource] |
| 260 |
_aLondon _bRICS _c2015 |
||
| 520 | _aMinor revisions were made to the code in July 2015 to reflect recent changes in legislation. | ||
| 520 | _aSets out best practice in the letting and management of private rented sector (PRS) housing in England. The aim of the Code is to ensure that there are good-quality homes for rent, consistent high standards of management and greater choice and for consumers. Intended for use by landlords and letting and managing agents in the private rented sector. | ||
| 590 | _aKA | ||
| 650 | 2 | 4 | _aPRS |
| 650 | 2 | 4 | _aPRIVATE RENTED SECTOR |
| 650 | 2 | 4 | _aIMMIGRATION ACT 2014 |
| 651 | 4 | _aEngland | |
| 690 |
_aResidential property _96266 |
||
| 690 |
_aLandlord and tenant _96252 |
||
| 690 | _aLease/Letting | ||
| 690 |
_aProperty management _96262 |
||
| 856 | 4 | 0 |
_uhttps://www.rics.org/Global/Private_Rented_Sector_code_PGguidance_amended_July_2015.pdf _zView the item free of charge from www.rics.org |
| 942 | _n0 | ||
| 999 |
_c115514 _d115514 |
||